000 01037nam a2200301 a 4500
999 _c7172
_d7172
001 7172
003 BD-JhCC
005 20180205175727.0
008 180205s1987 cou b 001 0 eng d
020 _a0813371015 (pbk. : alk. paper) :
035 _a(BD-JhCC)7172
040 _aDLC
_cDLC
_dBD-JhCC
041 _aeng
050 0 _aF2849.2
_b.F69 1987
082 _a982.06
_219
_bFRO 1987
245 0 0 _aFrom military rule to liberal democracy in Argentina /
_cedited by Mónica Peralta-Ramos and Carlos H. Waisman
260 _aBoulder, Colo ;
_aLondon :
_bWestview,
_c1987
300 _axvi, 175 p ;
_c22 cm
504 _aIncludes bibliographies
651 0 _aArgentina
_xEconomic conditions
_y1945-1983
651 0 _aArgentina
_xPolitics and government
_y1955-1983
651 0 _aArgentina
_xSocial conditions
_y1945-1983
700 1 _aWaisman, Carlos H.
_q(Carlos Horacio),
_d1943-
700 1 _aPeralta-Ramos, Mónica.
830 0 _aWestview special studies on Latin America and the Caribbean
942 _2ddc
_cBK